000 01412nam a22002777a 4500
005 2009070204184.0
008 090613t xxu||||| |||| 00| 0ahin d
010 _aHIN-87164
020 _c175.00
_a8174990305
035 _aHN-59510
037 _bDBAD / PUB
040 _adpl
_bhn
082 _a954.084092
100 _aसुखदेवराज
245 _aजब ज्योति जगी:
_cसुखदेवराज
_b(एक क्रांतिकारी की आत्मकथा) /
246 _aJaba jyoti jagii
_bby Sukhdevraj
260 _aनागपुर
_bविश्वभारती प्रकाशन
_c2008
270 _aधनवटे चेंबर्स, सीताबर्ड़ी
_bनागपुर
_e440012
_k0712-2526442
300 _a176प.
_c22सेमी (सजिल्द)
600 _aसुखदेवराज
_xजीवनी
600 _aSukhdevraj
_xBiography
651 _aभारत
_xइतिहास
_xस्वायत्ता और स्वाधीनता संघर्ष
651 _aIndia
_xHistory
_xAutonomy and independece movement
942 _2ddc
_cHN
_mसुखदे
_h954.084092
999 _c28031
_d28031